تحریکِ آزادی / (Record no. 109311)

MARC details
000 -LEADER
fixed length control field 00806nam a22002417a 4500
005 - DATE AND TIME OF LATEST TRANSACTION
control field 20200210114352.0
010 ## - LCCN (DPL NO)
LC control number A-369914
020 ## - INTERNATIONAL STANDARD BOOK NUMBER
Terms of availability 20.00
035 ## - SYSTEM CONTROL NUMBER
System control number A-369914
037 ## - SOURCE OF ACQUISITION
Source of stock number/acquisition Cen Lib/Ret
082 ## - DEWEY DECIMAL CLASSIFICATION NUMBER
Classification number 954.084
100 ## - MAIN ENTRY--PERSONAL NAME
Personal name آزاد، ابُوالکلام
245 ## - TITLE STATEMENT
Title تحریکِ آزادی /
Statement of responsibility, etc ابُوالکلام آزاد
246 ## - VARYING FORM OF TITLE
Title proper/short title Tehreek-E-Azadi /
Remainder of title by Abul Kalam Azad
260 ## - PUBLICATION, DISTRIBUTION, ETC. (IMPRINT)
Place of publication, distribution, etc دہلی
Name of publisher, distributor, etc اعتقاد پبلشنگ ہاؤس
Date of publication, distribution, etc 1988 ء
270 ## - ADDRESS
Address گلی کوتیا سویوالان
City دہلی
Postal code 110002
300 ## - PHYSICAL DESCRIPTION
Extent 240p.
Dimensions 18cm(Hb)
650 ## - SUBJECT ADDED ENTRY--TOPICAL TERM
Topical term or geographic name as entry element اردو ادب
650 ## - SUBJECT ADDED ENTRY--TOPICAL TERM
Topical term or geographic name as entry element ہندوستانی تاریخ اور مسسلماں
650 ## - SUBJECT ADDED ENTRY--TOPICAL TERM
Form subdivision
Topical term or geographic name as entry element Urdu literature
650 ## - SUBJECT ADDED ENTRY--TOPICAL TERM
Topical term or geographic name as entry element Indian -- History and Muslim
942 ## - ADDED ENTRY ELEMENTS (KOHA)
Source of classification or shelving scheme Dewey Decimal Classification
Item type Urdu Bks
Classification part 954.084
Call number suffix ا ب و
Holdings
Withdrawn status Lost status Not for loan Home library Current library Date acquired Source of acquisition Cost, normal purchase price Full call number Barcode Copy number Cost, replacement price Koha item type
      Central Library Central Library 03/03/2016 Cen Lib/Ref 20.00 954.084 ا ب و A-369914 1 20.00 Urdu Bks

© Delhi Public Library
Hit Counter
free hit counter